Statistics for Countries with the most nukes

Click here to take the quiz!

General Stats

  • This quiz has been taken 84 times
  • The average score is 8 of 9

Answer Stats

HintAnswer% Correct
5,977Russia
99%
5.428USA
96%
350China
95%
290France
93%
225UK
89%
160India
84%
20North Korea
83%
165Pakistan
83%
90Israel
67%

Score Distribution

Percentile by Number Answered

Percent of People with Each Score

Your Score History

You have not taken this quiz